Diseño de las herramientas de manejo del paisaje (HMP) Cuenca del Río Cane-Iguaque Altiplano Cundiboyacense (Registro nro. 6034)
[ vista simple ]
| 000 -CABECERA | |
|---|---|
| Campo de control | 01143nam a2200205 a 4500 |
| 090 ## - CLASIFICACIÓN LOCAL | |
| Colección | IAVH |
| Consecutivo | 00765 CD-1 |
| 041 ## - IDIOMA | |
| Código de idioma para texto/pista de sonido o título separado | Español |
| 100 ## - ASIENTO PRINCIPAL--NOMBRE PERSONAL | |
| Nombre personal | Castellanos, Laura |
| 245 ## - MENCION DE TITULO | |
| Título | Diseño de las herramientas de manejo del paisaje (HMP) Cuenca del Río Cane-Iguaque Altiplano Cundiboyacense |
| Parte restante del título | HMP concertadas y Plan de Manejo desde el componente de uso de la biodiversidad |
| 260 ## - PUBLICACION, DISTRIBUCION, ETC. (PIE DE IMPRENTA) | |
| Lugar de publicación, distribución, etc. | Bogotá |
| Nombre del editor, distribuidor, etc. | Instituto Alexander von Humboldt |
| Fecha de publicación, distribución, etc. | 2006 |
| 300 ## - DESCRIPCION FISICA | |
| Extensión | 36 p. |
| 520 ## - NOTA DE RESUMEN, ETC. | |
| Nota de resumen | Este informe contiene la base conceptual-metodológica y el diseño de las herramientas del manejo del paisaje desde el componente de uso para la Cuenca del Río Cane-Iguaque (Boyacá) las cuales buscan involucrar especies útiles de importancia ecológica, cultural y social para la región. |
| 650 ## - ASIENTO SECUNDARIO DE MATERIA - TERMINO TEMATICO | |
| Término temático o nombre geográfico como elemento de entrada | Biodiversidad |
| 650 ## - ASIENTO SECUNDARIO DE MATERIA - TERMINO TEMATICO | |
| Término temático o nombre geográfico como elemento de entrada | Conservación |
| 650 ## - ASIENTO SECUNDARIO DE MATERIA - TERMINO TEMATICO | |
| Término temático o nombre geográfico como elemento de entrada | Herramientas del manejo del paisaje |
| 650 ## - ASIENTO SECUNDARIO DE MATERIA - TERMINO TEMATICO | |
| Término temático o nombre geográfico como elemento de entrada | Uso de la Biodiversidad |
| 650 ## - ASIENTO SECUNDARIO DE MATERIA - TERMINO TEMATICO | |
| Término temático o nombre geográfico como elemento de entrada | Especies útiles |
| 662 ## - ASIENTO SECUNDARIO DE MATERIA - JERARQUIA DEL NOMBRE DE LUGAR( | |
| País o entidad mayor | Colombia |
| Jurisdicción política intermedia | Río Cane-Iguaque |
| Jurisdicción política de primer orden | Boyacá |
| 773 0# - Item fuente: | |
| Host Biblionumber | 5986 |
| Host Itemnumber | 9704 |
| Asiento principal | |
| Edición | |
| Lugar, editorial y fecha de publicación | Bogotá Informatica documental 2007 |
| Otro identificador del ítem - Codigo de Barras | 024802 |
| Título | Informes de investigaciones IAVH en PDF |
| Número de control del registro | |
| Número Internacional Normalizado para Publicaciones Seriadas - ISSN | |
| Número Internacional Normalizado para Libros - ISBN | |
No hay ítems disponibles.